Women's development and social conflicts : (Record no. 65127)
[ view plain ]
| 000 -LEADER | |
|---|---|
| fixed length control field | 00626nam a22001577a 4500 |
| 005 - DATE AND TIME OF LATEST TRANSACTION | |
| control field | 2012041708218.0 |
| 020 ## - INTERNATIONAL STANDARD BOOK NUMBER | |
| International Standard Book Number | 8173912718 |
| Terms of availability | 410.00 |
| 035 ## - SYSTEM CONTROL NUMBER | |
| System control number | A-945440 |
| 037 ## - SOURCE OF ACQUISITION | |
| Stock number | DPL |
| Source of stock number/acquisition | ENG |
| 100 ## - MAIN ENTRY--PERSONAL NAME | |
| Personal name | Nayak, Utpala |
| 245 ## - TITLE STATEMENT | |
| Title | Women's development and social conflicts : |
| Remainder of title | Historical perspectives on Indian women / |
| Statement of responsibility, etc | by Utpala Nayak |
| 260 ## - PUBLICATION, DISTRIBUTION, ETC. (IMPRINT) | |
| Place of publication, distribution, etc | New Delhi |
| Name of publisher, distributor, etc | Kanishka Publishers, Distributors |
| Date of publication, distribution, etc | 1999 |
| 300 ## - PHYSICAL DESCRIPTION | |
| Extent | xxii, 327p. |
| Dimensions | 23 cms. |
| 942 ## - ADDED ENTRY ELEMENTS (KOHA) | |
| Source of classification or shelving scheme | Dewey Decimal Classification |
| Item type | English Books |
| Classification part | 305.4095454 |
| Call number suffix | NAY |
| Withdrawn status | Lost status | Not for loan | Collection code | Home library | Current library | Date acquired | Cost, normal purchase price | Full call number | Barcode | Cost, replacement price | Koha item type |
|---|---|---|---|---|---|---|---|---|---|---|---|
| Non-fiction | Sarojini Nagar | Sarojini Nagar | 17/04/2012 | 410.00 | 305.4095454 NAY | A-945440 | 410.00 | English Books |
